| 000 | 01955nam a2200337 i 4500 | ||
|---|---|---|---|
| 003 | DO-SdBNP | ||
| 005 | 20260515121121.0 | ||
| 006 | a||||gr|||| 00| 0 | ||
| 007 | ta | ||
| 008 | 231123e2018 dr abc|| |||| 00| e spa d | ||
| 020 | _a9789945481860 | ||
| 040 |
_aDO-SdBNP _bspa _cBNPHU _erda |
||
| 041 | _aspa | ||
| 082 | 4 |
_a324.27293 _bN964s _222 |
|
| 245 | 1 | 0 |
_aSi no somos nosotros... / _cCharlie Núñez ; prólogo, Reinaldo Pared Pérez |
| 250 | _aSegunda edición | ||
| 264 | 1 |
_aSanto Domingo, República Dominicana : _bImpresión Editora Centenario, _c2018. |
|
| 300 |
_a859 páginas : _bilustraciones, mapa, retratos ; _c24 cm. |
||
| 336 |
_atexto _btxt _2rdacontent |
||
| 337 |
_asin mediación _bn _2rdamedia |
||
| 338 |
_avolumen _bnc _2rdacarrier |
||
| 500 | _aIncluye datos biográficos del autor en la solapa de la contracubierta. | ||
| 505 |
_aPresentación.-- Agradecimientos.-- Dedicatoria.-- Prólogo.-- Preliminar. _gCapítulo I _tEl PLD: un poco de historia.-- _gCapítulo II _tLos Símbolos del PLD.-- _gCapítulo III _tSer del PLD.-- _gCapítulo IV _tLos Círculos de Estudios.-- _gCapítulo V _tEscuela de Cuadros y Activistas.-- _gCapítulo VI _tLos Comités Intermedios.-- _gCapítulo VII. _tLa Seccionales del PLD.-- _gCapítulo VIII _tEl PLD en las Provincias.-- _gCapítulo IX _tLos Congresos y los Comités Centrales.-- _gCapítulo X _tPresidentes y Secretarios Generales del PLD.-- _gCapítulo XI _tLa Seguridad del Partido.-- _gCapítulo XII _tLa Mata'e Limoncillo.-- _gCapítulo XIII _tA Modo de Conclusión.-- _tReferencias.-- _tGlosario. |
||
| 590 | _aInventariado 2023 / MF | ||
| 610 | 2 | 0 |
_aPartido de la Liberación Dominicana _xHistoria _2LIBRUNAM _964153 |
| 650 | 7 |
_aPartidos políticos _zRepública Dominicana _2LIBRUNAM _93367 |
|
| 651 | 7 |
_aRepública Dominicana _xPolítica y gobierno _2LIBRUNAM _945 |
|
| 700 | 1 |
_aPared Pérez, Reinaldo, _950599 _eprologuista _4pr. |
|
| 910 | _aLP/Validado. Control de calidad MFF | ||
| 942 |
_2ddc _cLBS1 |
||
| 999 |
_c55574 _d55574 |
||